<?xml version="1.0" encoding="UTF-8"?>
<record
    xmlns:xsi="http://www.w3.org/2001/XMLSchema-instance"
    xsi:schemaLocation="http://www.loc.gov/MARC21/slim http://www.loc.gov/standards/marcxml/schema/MARC21slim.xsd"
    xmlns="http://www.loc.gov/MARC21/slim">

  <leader>00983nam a22001937a 4500</leader>
  <controlfield tag="008">090712t        xxu||||| |||| 00| 0 eng d</controlfield>
  <datafield tag="020" ind1=" " ind2=" ">
    <subfield code="a">9780521754507</subfield>
  </datafield>
  <datafield tag="082" ind1=" " ind2=" ">
    <subfield code="2">22</subfield>
    <subfield code="a">428.24071</subfield>
    <subfield code="b">SWE TR</subfield>
  </datafield>
  <datafield tag="100" ind1=" " ind2=" ">
    <subfield code="9">7788</subfield>
    <subfield code="a">Sweeney, Simon.</subfield>
  </datafield>
  <datafield tag="245" ind1=" " ind2=" ">
    <subfield code="a">English for Business Communication :</subfield>
    <subfield code="b">A modular short course on socialising, telephoning, presentations, meetings, negotiations. Teacher's book / </subfield>
    <subfield code="c">Simon Sweeney.</subfield>
  </datafield>
  <datafield tag="250" ind1=" " ind2=" ">
    <subfield code="a">2nd ed.</subfield>
  </datafield>
  <datafield tag="260" ind1=" " ind2=" ">
    <subfield code="a">Cambridge :</subfield>
    <subfield code="b"> Cambridge University Press, 2003</subfield>
    <subfield code="c">2003.</subfield>
  </datafield>
  <datafield tag="300" ind1=" " ind2=" ">
    <subfield code="a">121 p. : </subfield>
    <subfield code="b">ill. (chiefly col.) ; </subfield>
    <subfield code="c">28 cm.</subfield>
  </datafield>
  <datafield tag="500" ind1=" " ind2=" ">
    <subfield code="a">Previous ed.: 1997.</subfield>
  </datafield>
  <datafield tag="650" ind1=" " ind2=" ">
    <subfield code="9">14521</subfield>
    <subfield code="a">English language</subfield>
    <subfield code="v">Problems, exercises, etc.</subfield>
    <subfield code="x">Business English</subfield>
  </datafield>
  <datafield tag="650" ind1=" " ind2=" ">
    <subfield code="9">7783</subfield>
    <subfield code="a">English language</subfield>
    <subfield code="x">Business English -- Study and teaching.</subfield>
  </datafield>
  <datafield tag="942" ind1=" " ind2=" ">
    <subfield code="2">ddc</subfield>
    <subfield code="c">BB</subfield>
  </datafield>
  <datafield tag="999" ind1=" " ind2=" ">
    <subfield code="c">12327</subfield>
    <subfield code="d">12327</subfield>
  </datafield>
  <datafield tag="952" ind1=" " ind2=" ">
    <subfield code="0">0</subfield>
    <subfield code="1">0</subfield>
    <subfield code="2">ddc</subfield>
    <subfield code="4">0</subfield>
    <subfield code="7">0</subfield>
    <subfield code="8">Baccah</subfield>
    <subfield code="a">MAIN</subfield>
    <subfield code="b">MAIN</subfield>
    <subfield code="c">2ND</subfield>
    <subfield code="d">2009-07-12</subfield>
    <subfield code="e">purchase</subfield>
    <subfield code="g">144.00</subfield>
    <subfield code="h">8050</subfield>
    <subfield code="l">4</subfield>
    <subfield code="m">24</subfield>
    <subfield code="o">428.24071 SWE TR</subfield>
    <subfield code="p">000016679</subfield>
    <subfield code="r">2025-07-15 00:00:00</subfield>
    <subfield code="s">2020-12-16</subfield>
    <subfield code="y">TR</subfield>
  </datafield>
</record>
